MARC details
| 000 -CABECERA |
| campo de control de longitud fija |
03556nam a22003617a 4500 |
| 003 - IDENTIFICADOR DEL NÚMERO DE CONTROL |
| campo de control |
CHAP |
| 005 - FECHA Y HORA DE LA ÚLTIMA TRANSACCIÓN |
| campo de control |
20250428114934.0 |
| 008 - DATOS DE LONGITUD FIJA--INFORMACIÓN GENERAL |
| campo de control de longitud fija |
080325d2004 es r 00110 spa d |
| 010 ## - NÚMERO DE CONTROL DE LA BIBLIOTECA DEL CONGRESO |
| Número de control de LC |
94629 |
| 011 ## - ENLACE DEL NUMERO DE CONTROL DE LA BIBLIOTECA DEL CONGRESO [OBSOLETO] |
| Número de control de LC |
95601 |
| 020 ## - NÚMERO INTERNACIONAL ESTÁNDAR DEL LIBRO |
| Número Internacional Estándar del Libro |
848476186X |
| 035 ## - NÚMERO DE CONTROL DEL SISTEMA |
| Número de control de sistema |
106228 |
| 040 ## - FUENTE DE LA CATALOGACIÓN |
| Centro/agencia transcriptor |
CHAP |
| 041 ## - CÓDIGO DE LENGUA |
| Código de lengua del texto/banda sonora o título independiente |
spa |
| Código de lengua del sumario o resumen |
spa |
| Código de lengua de la tabla de contenido |
spa |
| Código de lengua original |
eng |
| 082 04 - NÚMERO DE LA CLASIFICACIÓN DECIMAL DEWEY |
| Número de clasificación |
PA 631.875 |
| Número de documento/Ítem |
S8Y 2004 |
| 100 00 - ENTRADA PRINCIPAL--NOMBRE DE PERSONA |
| Nombre de persona |
Stoffella, Peter J. |
| Término indicativo de función/relación |
ed. |
| 9 (RLIN) |
109853 |
| 245 10 - MENCIÓN DE TÍTULO |
| Título |
Utilización de compost en los sistemas de cultivo hortícola |
| Mención de responsabilidad, etc. |
/ed. por Peter J. Stoffella and Brian A. Kahn |
| 264 ## - PRODUCCIÓN, PUBLICACIÓN, DISTRIBUCIÓN, FABRICACIÓN Y COPYRIGHT |
| Producción, publicación, distribución, fabricación y copyright |
España : |
| Nombre del de productor, editor, distribuidor, fabricante |
Mundi - Prensa |
| Fecha de producción, publicación, distribución, fabricación o copyright |
2004 |
| 300 ## - DESCRIPCIÓN FÍSICA |
| Extensión |
xvii, 397 p. : |
| Otras características físicas |
ilus. |
| 505 ## - NOTA DE CONTENIDO CON FORMATO |
| Nota de contenido con formato |
Es uno de los libro en establecer una visión completa del conocimiento científico existente en la utilización del compost en las empresas de horticultura comercial. La utilización del compost en los sistemas de cultivo hortícola le ofrece una revisión comprensiva, de la producción, utilización y economía del compost. La utilización del compost en los sistemas de cultivo hortícola cubre los métodos de producción, la calidad del compost y los parámetros asociados con su medida, y los procesos biológicos, químicos y físicos que ocurren durante el compostaje. Ahora, en vez de buscar la información de diferentes fuentes, usted puede encontrar toda la información que necesita en una sola fuente conveniente. |
| 520 ## - SUMARIO, ETC. |
| Sumario, etc. |
Prólogo -- <br/>1.La industria de compostaje en Estados Unidos: pasado, presente y futuro -- <br/>2.Procesos biológicos, químicos y físicos del compostaje --<br/>3.Sistemas de producción comercial de compost --<br/>4.Propiedades cualitativas, medición y variabilidad de los compost --<br/>5.Efectos de los compost sobre el desarrollo y el rendimiento en horticultura comercial --<br/>6. Utilización de los compost en los sistemas de cultivo de plantas ornamentales, viveros y semilleros --<br/>7.Utilización de los compost en la arquitectura del paisaje --<br/>8.Utilización de los compost en los sistemas de produción frutal --<br/>9.Utilización de los compost en la producción de tepes y manejo de céspedes --<br/>10. Los compost como sustratos para la horticultura en la producción de material de trasplante --<br/>11Economía del compost: producciçon y utilización en la agricultura --<br/>12.Posibilidades y mecanismos que ofrecen los compost en el control de las enfermedades de las planta --<br/>13.Control de las malas hierbas en los cultivos hortícolas con cobertura orgánicas compostadas --<br/>14.Los compost como fuentes de nitrógeno, aportación a la mineralización y ventajas para la nutrición nitrogenada de las plantas --<br/>15.Ventajas que suponen la utilización de compost para la nutrición fosfórica, potásica, cálcica, magnésica y de micronutrientes --<br/>16.Problemática de los metales pesados en la utilizacón de compost --<br/>17.Riesgos que presentan los patógenos humanos en la utilización de compost: controles y precauciones a tomar --<br/>18. La agencia de Protección Ambiental de Estados Unidos. Normativa sobre producción y utilización del compost. |
| 650 14 - PUNTO DE ACCESO ADICIONAL DE MATERIA--TÉRMINO DE MATERIA |
| Término de materia o nombre geográfico como elemento de entrada |
Compost. |
| 9 (RLIN) |
26105 |
| 650 14 - PUNTO DE ACCESO ADICIONAL DE MATERIA--TÉRMINO DE MATERIA |
| Término de materia o nombre geográfico como elemento de entrada |
Horticultura. |
| 9 (RLIN) |
56291 |
| 650 14 - PUNTO DE ACCESO ADICIONAL DE MATERIA--TÉRMINO DE MATERIA |
| Término de materia o nombre geográfico como elemento de entrada |
Sistemas de cultivo. |
| 9 (RLIN) |
106746 |
| 700 0# - PUNTO DE ACCESO ADICIONAL--NOMBRE DE PERSONA |
| Nombre de persona |
Kahn, Brian A. |
| 9 (RLIN) |
62592 |
| 942 ## - ELEMENTOS DE PUNTO DE ACCESO ADICIONAL (KOHA) |
| Tipo de ítem Koha |
Libro |
| Fuente del sistema de clasificación o colocación |
Dewey Decimal Classification |
| 260 ## - PUBLICACIÓN, DISTRIBUCIÓN, ETC. |
| Lugar de publicación, distribución, etc. |
Madrid. Esp. : |
| Nombre del editor, distribuidor, etc. |
Mundi-Prensa, |
| Fecha de publicación, distribución, etc. |
2004 |
| 590 ## - NOTA LOCAL (RLIN) |
| Nota local |
BATCH-UPD |
| Procedencia (VM) [OBSOLETO] |
10 |
| Condición del los carretes individuales (VM) [OBSOLETO] |
20130110 |
| 590 ## - NOTA LOCAL (RLIN) |
| Nota local |
CONVERSION |
| Procedencia (VM) [OBSOLETO] |
10 |
| Condición del los carretes individuales (VM) [OBSOLETO] |
20130109 |
| 901 ## - ELEMENTOS DE DATOS A LOCAL LDA (RLIN) |
| a |
BK |
| 949 ## - PROCESAMIENTO DE INFORMACIÓN LOCAL (OCLC) |
| a |
631.875 S8y |
| b |
BC |
| c |
LIBRO |
| d |
33724002050751 |
| e |
LIBRO |
| f |
c..2 |
| g |
Ic/e |
| h |
109335 |
| i |
106228 |
| s |
i |
| t |
$988.00 |
| 949 ## - PROCESAMIENTO DE INFORMACIÓN LOCAL (OCLC) |
| a |
631.875 S8Y |
| b |
BC |
| c |
LIBRO |
| d |
33724002050850 |
| e |
LIBRO |
| g |
Ic/e |
| h |
109334 |
| i |
106228 |
| s |
i |
| t |
$988.00 |